| 000 | 00657nam a2200217 a 4500 | ||
|---|---|---|---|
| 001 | |||
| 003 | Ost | ||
| 005 | 20220715134318.0 | ||
| 008 | 081126s1989 dr 000 0 spa d | ||
| 040 |
_aDO-SdBNP _bspa _cBPMSU |
||
| 082 |
_a305.5097293 _bB742c 1989 _222 |
||
| 100 | 1 |
_a Bosch, Juan, _d1909-2001 _91 |
|
| 245 | 1 | 0 |
_aClases sociales en la República Dominicana / _cJuan Bosch. |
| 260 |
_aSanto Domingo : _bAlfa y Omega, _c1989 |
||
| 300 |
_a99 p. ; _c20 cm. |
||
| 590 | _aInventariado, 2022/VM | ||
| 650 | 4 |
_aClases sociales _xRepública Dominicana |
|
| 651 | 4 |
_aRepública Dominicana _xCondiciones sociales |
|
| 910 | _aVMateo V. | ||
| 942 |
_2ddc _cBK |
||
| 999 |
_c13942 _d13942 |
||